Engine testing : (Record no. 67453)

000 -LEADER
fixed length control field 00911cam a2200253 a 4500
001 - CONTROL NUMBER
control field 2542851
003 - CONTROL NUMBER IDENTIFIER
control field NUST - PNEC
005 - DATE AND TIME OF LATEST TRANSACTION
control field 20170116181022.0
008 - FIXED-LENGTH DATA ELEMENTS--GENERAL INFORMATION
fixed length control field 940815s1995 enka b 001 0 eng
010 ## - LIBRARY OF CONGRESS CONTROL NUMBER
LC control number 94033331
020 ## - INTERNATIONAL STANDARD BOOK NUMBER
International Standard Book Number 0750616687
040 ## - CATALOGING SOURCE
Transcribing agency LIBRARY
082 00 - DEWEY DECIMAL CLASSIFICATION NUMBER
Classification number 621.430287 PLI
100 1# - MAIN ENTRY--PERSONAL NAME
Personal name Plint, M. A.
Fuller form of name (Michael Alexander)
245 10 - TITLE STATEMENT
Title Engine testing :
Remainder of title theory and practice /
Statement of responsibility, etc. Michael Plint and Anthony Martyr.
260 ## - PUBLICATION, DISTRIBUTION, ETC.
Place of publication, distribution, etc. Oxford ;
-- Boston :
Name of publisher, distributor, etc. Butterworth-Heinemann,
Date of publication, distribution, etc. 1995.
300 ## - PHYSICAL DESCRIPTION
Extent xiv, 295 p. :
Other physical details ill. ;
Dimensions 25 cm.
504 ## - BIBLIOGRAPHY, ETC. NOTE
Bibliography, etc. note Includes bibliographical references and index.
650 #0 - SUBJECT ADDED ENTRY--TOPICAL TERM
Topical term or geographic name entry element Internal combustion engines
General subdivision ME
700 1# - ADDED ENTRY--PERSONAL NAME
Personal name Martyr, Anthony.
906 ## - LOCAL DATA ELEMENT F, LDF (RLIN)
a 7
b cbc
c orignew
d 1
e ocip
f 19
g y-gencatlg
942 ## - ADDED ENTRY ELEMENTS (KOHA)
Source of classification or shelving scheme
Koha item type Book
Holdings
Withdrawn status Lost status Source of classification or shelving scheme Damaged status Not for loan Permanent Location Current Location Shelving location Date acquired Total Checkouts Full call number Barcode Date last seen Date last checked out Price effective from Koha item type
          Pakistan Navy Engineering College (PNEC) Pakistan Navy Engineering College (PNEC)     6 621.430287 PLI PNECLIB-019850 09/27/2016 09/27/2016   Book
© 2023 Central Library, National University of Sciences and Technology. All Rights Reserved.